[Event "Polanica Zdroj op-D 58th"]
[Site "Polanica Zdroj"]
[Date "2022.08.18"]
[Round "6"]
[White "Galuszka, Kamil"]
[Black "Grzebieniowski, Michal"]
[Result "1-0"]
[WhiteElo "1976"]
[BlackElo "1710"]
[PlyCount "69"]
[EventDate "2022.08.13"]
[EventType "swiss"]
[EventRounds "9"]
[EventCountry "POL"]
[SourceTitle "CBM 210 Extra"]
[Source "ChessBase"]
[SourceDate "2022.11.30"]
[SourceVersion "1"]
[SourceVersionDate "2022.11.30"]
[SourceQuality "1"]

1. e4 c6 2. d4 d5 3. exd5 cxd5 4. Bd3 g6 5. Ne2 Nc6 6. c3 Nf6 7. 0-0 Bg7 8. Re1 0-0 9. Nd2 Bf5 10. Bxf5 gxf5 11. Ng3 e6 12. Nh5 Nxh5 13. Qxh5 Qf6 14. Nf1 Kh8 15. Re3 Rg8 16. Rg3 Bf8 17. Bg5 Qg6 18. Qh4 Bg7 19. Re1 f6 20. Bf4 Qf7 21. Rh3 Bf8 22. f3 Re8 23. Ng3 Re7 24. Nh5 Rg6 25. Bd6 Re8 26. Bxf8 Rxf8 27. Nf4 Rgg8 28. Rxe6 Qg7 29. Rg3 Qf7 30. Rxg8+ Kxg8 31. Qe1 Rd8 32. b4 a6 33. a4 Qc7 34. Qg3+ Kf7 35. Rxf6+ 1-0

[Event "POL-ch U14"]
[Site "Uniejow"]
[Date "2021.07.23"]
[Round "7"]
[White "Grot, Blazej"]
[Black "Grzebieniowski, Michal"]
[Result "1-0"]
[WhiteElo "1786"]
[BlackElo "1663"]
[PlyCount "103"]
[EventDate "2021.07.18"]
[EventType "swiss"]
[EventRounds "9"]
[EventCountry "POL"]
[SourceTitle "EXT 2022"]
[Source "ChessBase"]
[SourceDate "2021.10.06"]
[SourceVersion "1"]
[SourceVersionDate "2021.10.06"]
[SourceQuality "1"]

1. e4 c6 2. d4 d5 3. Nd2 dxe4 4. Nxe4 Bf5 5. Ng3 Bg6 6. c3 Nd7 7. N1e2 h6 8. Nf4 Bh7 9. Bc4 e6 10. Qf3 Ngf6 11. Ngh5 Nxh5 12. Nxh5 Nf6 13. 0-0 Nxh5 14. Qxh5 Bg6 15. Qe2 Be7 16. Re1 0-0 17. Bf4 Kh7 18. Rad1 Bg5 19. Be5 Bf6 20. Bd3 Bxd3 21. Qxd3+ Kg8 22. Bxf6 Qxf6 23. Re5 Rfd8 24. Qe3 Rac8 25. Rf1 a6 26. f4 Rd5 27. f5 exf5 28. Rfxf5 Rxe5 29. Qxe5 Qxe5 30. Rxe5 Rc7 31. Re8+ Kh7 32. Kf2 Kg6 33. Kf3 Kf6 34. Kf4 Rd7 35. g4 Rc7 36. h4 Kg6 37. a4 Rd7 38. a5 Kf6 39. b4 Kg6 40. Ke5 Rd5+ 41. Kf4 Rd7 42. Ke5 Rd5+ 43. Ke4 Rd7 44. c4 Kf6 45. d5 cxd5+ 46. cxd5 Re7+ 47. Rxe7 Kxe7 48. Ke5 Kd7 49. d6 Kc6 50. h5 Kd7 51. Kd5 g6 52. g5 1-0

[Event "POL-ch U14"]
[Site "Uniejow"]
[Date "2021.07.20"]
[Round "2"]
[White "Grzebieniowski, Michal"]
[Black "Turowski, Maciej"]
[Result "1-0"]
[WhiteElo "1663"]
[BlackElo "1447"]
[PlyCount "125"]
[EventDate "2021.07.18"]
[EventType "swiss"]
[EventRounds "9"]
[EventCountry "POL"]
[SourceTitle "EXT 2022"]
[Source "ChessBase"]
[SourceDate "2021.10.06"]
[SourceVersion "1"]
[SourceVersionDate "2021.10.06"]
[SourceQuality "1"]

1. d4 d5 2. Nf3 Nf6 3. c3 g6 4. Bf4 Bg7 5. h3 0-0 6. e3 b6 7. Bd3 Bb7 8. 0-0 c5 9. Nbd2 Nc6 10. Qe2 Nd7 11. Rfd1 e5 12. dxe5 Ndxe5 13. Nxe5 Nxe5 14. Nf3 Nxd3 15. Qxd3 Qe7 16. Rac1 Rad8 17. Bg5 f6 18. Bf4 Kh8 19. h4 Rd7 20. e4 Rfd8 21. exd5 Rxd5 22. Qc2 Rxd1+ 23. Rxd1 Rxd1+ 24. Qxd1 f5 25. Bg5 Bf6 26. Bxf6+ Qxf6 27. Qe2 Bxf3 28. Qxf3 Qxh4 29. Qa8+ Kg7 30. Qxa7+ Kh6 31. Qxb6 Qc4 32. a3 Qd5 33. Qb5 Qd1+ 34. Qf1 Qc2 35. Qa1 Qa4 36. b4 cxb4 37. cxb4 f4 38. Qc1 Kg7 39. Qc7+ Kg8 40. Qd8+ Kg7 41. Qd3 g5 42. b5 Qa5 43. Qd4+ Kh6 44. a4 Qe1+ 45. Kh2 Kh5 46. b6 Qb1 47. a5 Qb5 48. Qe4 g4 49. Qxh7+ Kg5 50. Qe7+ Kg6 51. Qe4+ Kg5 52. b7 g3+ 53. fxg3 fxg3+ 54. Kxg3 Kh5 55. Qg4+ Kh6 56. Qf4+ Kh7 57. b8Q Qg5+ 58. Kf3 Qh5+ 59. Qg4 Qf7+ 60. Qbf4 Qb3+ 61. Qe3 Qf7+ 62. Kg3 Qc7+ 63. Kh3 1-0

[Event "Polanica Zdroj op-D 56th"]
[Site "Polanica Zdroj"]
[Date "2020.08.15"]
[Round "1"]
[White "Grzebieniowski, Michal"]
[Black "Lisiecki, Robert"]
[Result "1-0"]
[WhiteElo "1390"]
[BlackElo "1749"]
[PlyCount "113"]
[EventDate "2020.08.15"]
[EventType "swiss"]
[EventRounds "9"]
[EventCountry "POL"]
[SourceTitle "CBM 198 Extra"]
[Source "ChessBase"]
[SourceDate "2020.11.30"]
[SourceVersion "1"]
[SourceVersionDate "2020.11.30"]
[SourceQuality "1"]

1. d4 Nf6 2. c4 e5 3. dxe5 Ng4 4. Nf3 Nc6 5. Bf4 Bb4+ 6. Nc3 Qe7 7. Qd5 f6 8. exf6 Nxf6 9. Qd3 d6 10. e3 0-0 11. Be2 Bxc3+ 12. Qxc3 Ne4 13. Qb3 Nc5 14. Qc3 a5 15. Bg5 Qf7 16. 0-0 Bg4 17. Bf4 Bxf3 18. Bxf3 Qg6 19. Rad1 a4 20. Rd5 Ne6 21. Bg3 Ne7 22. Rdd1 Rxf3 23. gxf3 Ng5 24. e4 Rf8 25. Rd3 Qh5 26. f4 Nxe4 27. Qd4 Nf6 28. Qe3 Nf5 29. Qa7 Qg4 30. Qxb7 h5 31. Qg2 Qg6 32. h3 Nh4 33. Bxh4 Qxd3 34. Re1 Qxc4 35. Re7 Ne8 36. Qg6 Qc1+ 37. Kg2 Qxf4 38. Bg3 Qf3+ 39. Kh2 Qf6 40. Qe4 Qxb2 41. Qe6+ Kh7 42. Qe4+ Kg8 43. Qd5+ Kh8 44. Qxh5+ Kg8 45. Rxe8 Qxa2 46. Rxf8+ Kxf8 47. Qf5+ Kg8 48. Qc8+ Kh7 49. Qxc7 d5 50. Qf7 Qb2 51. Qxd5 a3 52. Qf5+ Kh8 53. Be5 Qb7 54. Qf8+ Kh7 55. Qxa3 g6 56. Qf8 Qa7 57. Qh8# 1-0